书目信息 |
| 题名: |
国际贸易实务双语教程
|
|
| 作者: | 易露霞 , 陈原 主编 | |
| 分册: | ||
| 出版信息: | 北京 清华大学出版社 2006.09 |
|
| 页数: | 340页 | |
| 开本: | 26cm | |
| 丛书名: | 21世纪国际经济与贸易学专业新编教程 | |
| 单 册: | ||
| 中图分类: | F740.4 | |
| 科图分类: | ||
| 主题词: | 国际贸易--guo ji mao yi--贸易实务--英语--汉语--高等学校--教材 | |
| 电子资源: | ||
| ISBN: | 7-302-13714-5 | |
| 000 | 01184nam 2200277 450 | |
| 001 | 012006293641 | |
| 005 | 20061219152927.94 | |
| 010 | @a7-302-13714-5@dCNY29.80 | |
| 100 | @a20061123d2006 km y0chiy0120 ea | |
| 101 | 0 | @achi@aeng |
| 102 | @aCN@b110000 | |
| 105 | @aa z 000yy | |
| 200 | 1 | @a国际贸易实务双语教程@Aguo ji mao yi shi wu shuang yu jiao cheng@f易露霞, 陈原主编@Fyi lu xia,chen yuan zhu bian |
| 210 | @a北京@c清华大学出版社@d2006.09 | |
| 215 | @a340页@c图@d26cm | |
| 225 | 2 | @a21世纪国际经济与贸易学专业新编教程@A21 shi ji guo ji jing ji yu mao yi xue zhuan ye xin bian jiao cheng |
| 312 | @a英文并列题名取自封面 | |
| 330 | @a本书采用中英文两种语言讲述了国际贸易简介,进出口贸易的一般程序,国际商品的买卖合同,贸易术语,货物的品质,货物的数量,货物的包装,货物定价,货物的装运,货物运输保险,货款的支付,纠纷,索赔和仲裁等内容。 | |
| 410 | 0 | @12001 @a21世纪国际经济与贸易学专业新编教程 |
| 510 | 1 | @aInternational business practice@zeng |
| 606 | 0 | @a国际贸易@Aguo ji mao yi@x贸易实务@x英语@x汉语@x高等学校@j教材 |
| 690 | @aF740.4@v4 | |
| 701 | 0 | @a易露霞@Ayi lu xia@4主编 |
| 701 | 0 | @a陈原@Achen yuan@4主编 |
| 801 | 0 | @aCN@c20061219 |
| 905 | @a10447@dF740.4@eY551 | |
| 国际贸易实务双语教程/易露霞, 陈原主编.-北京:清华大学出版社,2006.09 |
| 340页:图;26cm.-(21世纪国际经济与贸易学专业新编教程) |
| ISBN 7-302-13714-5:CNY29.80 |
| 本书采用中英文两种语言讲述了国际贸易简介,进出口贸易的一般程序,国际商品的买卖合同,贸易术语,货物的品质,货物的数量,货物的包装,货物定价,货物的装运,货物运输保险,货款的支付,纠纷,索赔和仲裁等内容。 |
| ● |
| 相关链接 |
|
|
|
正题名:国际贸易实务双语教程
索取号:F740.4/Y551
 
预约/预借
| 序号 | 登录号 | 条形码 | 馆藏地/架位号 | 状态 | 备注 |
| 1 | 228182 | 202281823 | 社科库409/409社科库 48排1列3层/ [索取号:F740.4/Y551] | 在馆 | |
| 2 | 228183 | 202281832 | 管理学院资料室/ [索取号:F740.4/Y551] | 在馆 | |
| 3 | 228184 | 202281841 | 社科库409/409社科库 48排3列2层/ [索取号:F740.4/Y551] | 在馆 |